|
|
|
|
| LEADER |
00982nam a2200229 a 4500 |
| 008 |
091108r199701954nyu 000 0 eng d |
| 082 |
0 |
0 |
|a 822/.912
|2 20
|
| 100 |
1 |
|
|a Shaw, Bernard, 1856-1950.
|
| 245 |
1 |
0 |
|a Pygmalion /
|c George Bernard Shaw, edited for students by A.C. Ward
|
| 260 |
|
|
|a london ;
|n ew Delhi :
|b orient Longman,
|c 1954.[reprinted 19970]
|
| 300 |
|
|
|a xii, 158 p. ;
|c 21 cm.
|
| 541 |
1 |
|
|e 00019505
|
| 650 |
|
0 |
|a Speech and social status
|v Drama.
|
| 650 |
|
0 |
|a Linguistics teachers
|v Drama.
|
| 650 |
|
0 |
|a Social classes
|v Drama.
|
| 650 |
|
0 |
|a Flower vending
|v Drama.
|
| 651 |
|
0 |
|a London (England)
|v Drama.
|
| 655 |
|
7 |
|a Comedies.
|2 gsafd
|
| 700 |
1 |
|
|a Ward, A.C.
|
| 852 |
4 |
|
|a Ayesha Abed Library
|j General Shelf.
|
| 999 |
|
|
|c 5262
|d 5262
|
| 952 |
|
|
|0 0
|1 0
|2 ddc
|4 1
|6 822_912000000000000_SHA
|7 0
|9 5107
|a ENH
|b ENH
|d 2009-11-05
|l 0
|o 822.912 SHA
|p 3010019505
|r 2009-11-09
|t 1
|w 2009-11-09
|y BK
|x Departmental-issued damaged books were found in the ENH department for the reason of termites eaten in 2016
|